00919cam a2200253 a 450000100100000000500170001000800410002702000150006804000230008308200190010610000530012524501070017826000380028530000210032349000160034465000280036065000300038870000470041883000250046591000290049004900090051995201220052899900150065000000372520200929150539.0870406s1991 ec 000 p spa d a997880031X aDO-SdBNPcDLCdDLC aU861.3bZ88tab1 aZorrilla de San Martín, Juan,d1855-19319384510aTabaré /cJuan Zorrilla de San Martín ; Estudio introductorio y notas de Jorge Dávila Vázquez. aQuito, Ecuador :bLibresa,c1991. a201 p. ;c20 cm.1 aAntaresv12 4aPoesía uruguaya93846 4aLiteratura uruguaya930541 aDávila Vázquez, Jorge,eintrod.911340 0aAntares ;v12911341 aCatalogación por copia aBNGR 001054708MOaGRbGRcHDd2009-07-13iLF1l0oU861.3 Z88tabp3725-10r2020-06-25w2020-06-25y4ZPréstamo en sala c3547d3547